000 00547nam a2200205Ia 4500
005 20241216010924.0
008 190212s9999||||xx |||||||||||||| ||und||
082 _a574.1
_bG47
100 _aGIESE, ARTHUR C.
245 0 _aFISIOLOGIA GENERAL
_bESTRUCTURA Y DINßMICA CELULAR
250 _a3
260 _aMÚXICO
_bINTERAMERICANA
_c1968
300 _a603 pag
_c25 cm
341 _h0
490 _v0
_a0
505 _aORGANIZACION-CELULA/MEMBRANAS-EXCITABILIDAD
541 _aC
_d12-Dec-94
_oSoles
650 _aCIENCIAS PURAS
942 _cLIBRO
999 _c27737
_d27737